00589 2200205 4500001002100000005001500021035002000036007000300056008004100059020001800100082001100118084001700129100002800146245010300174250001100277260003400288300003000322700002100352990001000373INLIS00000000001096420220310105914 a0010-0322000143ta220310 g 0 ind  a9786029212792 a155.25 a155.25 PIT m0 aPITALOKA, ardiningtiyas1 aMy Passion My Career :bRahasia karier sukses bersama konsultankarir.com /cArdiningtiyas Pitaloka aCet. 1 aSolo :bTiga Serangkai,c2013 a200 hlm :b.ilus ;c19 cm0 aAndin Andiyasari a5792a